Quale comune della provincia di Bergamo... - Statistics

Statistiche generali
  • Questo quiz è stato fatto 150 volte
    77 dall'ultimo reset
  • Il punteggio medio è 12 su 20
Statistiche sulle risposte
Quale comune della provincia di Bergamo... Risposta % Corretto
...è il primo comune più abitato. Bergamo
100%
...è il secondo comune più abitato. Treviglio
93%
...è il comune dove si trova l'aeroporto. Orio al Serio
87%
...è il comune dove si trovano le note terme, che inglobano l'ex casinò. San Pellegrino Terme
82%
...è il terzo comune più abitato. Seriate
80%
...è un comune molto noto per gli impianti sciistici. Foppolo
71%
...è il comune dove è stata fondata la Lega Lombarda nel 1167. Pontida
71%
...è il quarto comune più abitato. Dalmine
67%
...è il comune che ha dato i natali a un papa. Sotto il Monte Giovanni XXIII
60%
...è il più a nord. Valbondione
60%
...ha come frazione il villaggio operario di Crespi d'Adda, patrimonio dell'UNESCO. Capriate San Gervasio
55%
...è il comune dove si trova la nota rappresentazione de "La Danza Macabra". Clusone
55%
...ha come piatto tipico gli scarpinocc. Parre
53%
...è il quinto comune più abitato. Romano di Lombardia
53%
...è il comune di origine della famiglia di Torquato Tasso. Camerata Cornello
45%
...è il più a est. Schilpario
45%
...è il più a sud. Fontanella
40%
...è il comune dove si trova il Santuario di santa Maria della Fonte. Caravaggio
33%
...è il più a ovest. Cisano Bergamasco
31%
...è il comune dove è nato il famoso ciclista Felice Gimondi. Sedrina
20%
Nessun quiz corrispondente trovato
Distribuzione punteggi
Percentuale di utenti per punteggio
Percentile per numero di risposta
I tuoi punteggi nel tempo
Non hai fatto questo quiz dall'ultimo reset